[Event "COL-ch sf (Women)"]
[Site "Santa Rosa"]
[Date "2021.08.15"]
[Round "7"]
[White "Betancur Florez, Daniela"]
[Black "Guapacha Taborda, Laura Michell"]
[Result "1-0"]
[WhiteElo "1600"]
[BlackElo "1385"]
[PlyCount "89"]
[EventDate "2021.08.12"]
[EventType "swiss"]
[EventRounds "9"]
[EventCountry "COL"]
[SourceTitle "CBM 204 Extra"]
[Source "ChessBase"]
[SourceDate "2021.11.30"]
[SourceVersion "1"]
[SourceVersionDate "2021.11.30"]
[SourceQuality "1"]

1. Nf3 d5 2. g3 Nc6 3. Bg2 Nf6 4. 0-0 e5 5. d3 Bc5 6. c4 dxc4 7. dxc4 Qe7 8. Nc3 Be6 9. b3 0-0 10. Bb2 Rad8 11. Qc2 Nd4 12. Nxd4 exd4 13. Na4 b6 14. Qc1 d3 15. exd3 Rxd3 16. Nxc5 Qxc5 17. Ba3 Qh5 18. Bxf8 Bh3 19. Rd1 Rf3 20. Rd8 h6 21. Be7+ Kh7 22. Qc2+ Bf5 23. Bxf3 Qxf3 24. Qd1 Qe4 25. Bxf6 Bh3 26. Qd3 Qxd3 27. Rxd3 gxf6 28. Re3 Kg6 29. Re7 f5 30. Rd1 Bg4 31. Rdd7 f4 32. gxf4 Bxd7 33. Rxd7 f6 34. Kg2 Kf5 35. Rh7 Kxf4 36. Rxh6 f5 37. Rh4+ Kg5 38. Kg3 c6 39. f4+ Kg6 40. Rh8 b5 41. cxb5 cxb5 42. Kh4 a5 43. Rg8+ Kh6 44. Rf8 Kg6 45. Rg8+ 1-0